|
|
|
|
| LEADER |
01665nam a2200409 a 4500 |
| 001 |
39705 |
| 003 |
BD-DhAAL |
| 008 |
220926t2014 enk b 001 0 eng d |
| 999 |
|
|
|c 44610
|d 44610
|
| 010 |
|
|
|a 2010006946
|
| 020 |
|
|
|a 9781138879089 (pbk)
|
| 020 |
|
|
|a 9780415576734 (cloth : alk. paper)
|
| 020 |
|
|
|a 0415576733 (cloth : alk. paper)
|
| 020 |
|
|
|a 9780203845301 (ebook)
|
| 020 |
|
|
|a 0203845307 (ebook)
|
| 035 |
|
|
|a (OCoLC)ocn457164628
|
| 040 |
|
|
|a DLC
|c DLC
|d YDX
|d BTCTA
|d YDXCP
|d BWK
|d DLC
|d BD-DhAAL
|
| 043 |
|
|
|a a-bg---
|
| 050 |
0 |
0 |
|a BP63.B3
|b P65 2011
|
| 082 |
0 |
0 |
|a 320.557095492
|2 22
|
| 245 |
0 |
0 |
|a Political Islam and governance in Bangladesh /
|c edited by Ali Riaz and C. Christine Fair.
|
| 260 |
|
|
|a Milton Park, Abingdon, Oxon :
|a New York, NY :
|b Routledge,
|c c2011.
|
| 300 |
|
|
|a xii, 183 pages ;
|c 24 cm.
|
| 490 |
1 |
|
|a Routledge contemporary South Asia series ;
|v 33
|
| 504 |
|
|
|a Includes bibliographical references and index.
|
| 526 |
|
|
|a GenEd
|
| 541 |
|
|
|a Book Finder International
|e 39705
|
| 650 |
|
0 |
|a Islamic fundamentalism
|z Bangladesh.
|9 51619
|
| 650 |
|
0 |
|a Islam and politics
|z Bangladesh.
|9 51620
|
| 650 |
|
0 |
|a Islam and culture
|z Bangladesh.
|9 51621
|
| 651 |
|
0 |
|a Bangladesh
|x Politics and government
|y 1971-
|9 51622
|
| 700 |
1 |
|
|a Riaz, Ali,
|d 1958-
|9 51623
|
| 700 |
1 |
|
|a Fair, C. Christine.
|9 51624
|
| 830 |
|
0 |
|a Routledge contemporary South Asia series ;
|v 33.
|9 51625
|
| 852 |
|
|
|a Ayesha Abed Library
|c General Stacks
|
| 942 |
|
|
|2 ddc
|c BK
|
| 952 |
|
|
|0 0
|1 0
|2 ddc
|4 0
|6 320_557095492000000_POL
|7 0
|9 71788
|a SCL
|b SCL
|c GEN
|d 2022-09-11
|e Book Finder International
|g 3423.30
|l 0
|o 320.557095492 POL
|p 3020039705
|r 2022-09-11
|t 1
|v 0.00
|w 2022-09-11
|y BK
|